[Event "Turtle Speed # 13"]
[Site "SchemingMind.com"]
[Date "2008.12.17"]
[Round "-"]
[White "Gary"]
[Black "riverriver"]
[Result "0-1"]
[WhiteCountry "ENG"]
[BlackCountry "USA"]
[WhiteElo "1297"]
[WhiteRD "67"]
[BlackElo "1830"]
[BlackRD "68"]
[GameID "183091"]

1. e4 e5 2. Nf3 Nc6 3. Bb5 a6 4. Ba4 Nf6 5. O-O Be7 6. Re1 b5 7. Bb3 O-O 8. d4 d6 9. h3 Bb7 10. Bg5 Nxd4
11. Nxd4 exd4 12. c3 dxc3 13. Nxc3 b4 14. Bxf6 Bxf6 15. Na4 Rb8 16. Rc1 Bg5 17. Rc2 Rc8 18. Bd5 c6 19. Bc4 Qe7 20. Qg4 d5
21. Bd3 a5
0-1

[Event "Turtle Speed # 13"]
[Site "SchemingMind.com"]
[Date "2008.12.17"]
[Round "-"]
[White "riverriver"]
[Black "Gary"]
[Result "1-0"]
[WhiteCountry "USA"]
[BlackCountry "ENG"]
[WhiteElo "1881"]
[WhiteRD "72"]
[BlackElo "1322"]
[BlackRD "62"]
[GameID "183094"]

1. d4 f5 2. c4 Nf6 3. Nc3 e6 4. e3 Bb4 5. Bd2 O-O 6. Nf3 c5 7. a3 Bxc3 8. bxc3 Qc7 9. Bd3 b6 10. O-O Bb7
11. h3 d6 12. Ng5 Qd7 13. dxc5 dxc5 14. Be2 h6 15. Nf3 Nc6 16. Qc2 Rad8 17. Rad1 Qe7 18. Bc1 Ne4 19. Rd3 Rd7 20. Rxd7
1-0

[Event "Turtle Speed # 13"]
[Site "SchemingMind.com"]
[Date "2008.12.14"]
[Round "-"]
[White "jesusch"]
[Black "Gary"]
[Result "1-0"]
[WhiteCountry "ESP"]
[BlackCountry "ENG"]
[WhiteElo "1749"]
[WhiteRD "90"]
[BlackElo "1408"]
[BlackRD "63"]
[GameID "183459"]

1. e4 c5 2. Nf3 d6 3. d4 cxd4 4. Nxd4 a6 5. Nc3 Nf6 6. Be2 Nc6 7. Be3 e6 8. O-O Be7 9. Qd2 O-O 10. Rad1 Qc7
11. f4 b5 12. Nxc6 Qxc6 13. Bf3 e5 14. Nd5 Nxd5 15. Qxd5 Bb7 16. fxe5 Qxd5 17. exd5 Rac8 18. exd6 Bxd6 19. c3 Rfe8 20. Rfe1 f6
21. Bb6 Re5 22. Rxe5 fxe5 23. Rc1 Rc4 24. Re1 Kf7 25. Kf2 h6 26. h3 Rf4 27. Be3 Rf6 28. Kg1 g5 29. Bh5+ Kf8 30. Bf3 Rf7
31. Bg4 Re7 32. Rf1+
1-0

[Event "Turtle Speed # 13"]
[Site "SchemingMind.com"]
[Date "2008.12.18"]
[Round "-"]
[White "jesusch"]
[Black "riverriver"]
[Result "1-0"]
[WhiteCountry "ESP"]
[BlackCountry "USA"]
[WhiteElo "1896"]
[WhiteRD "86"]
[BlackElo "1700"]
[BlackRD "63"]
[GameID "183460"]

1. e4 e5 2. Nf3 Nc6 3. Bb5 a6 4. Ba4 Nf6 5. O-O Be7 6. Re1 b5 7. Bb3 O-O 8. c3 d6 9. h3 Na5 10. Bc2 Bd7
11. d4 Nc4 12. d5 c6 13. b3 Nb6 14. dxc6 Bxc6 15. Nbd2 a5 16. Nf1 Qc7 17. Ng3 a4 18. Bd2 axb3 19. axb3 Rxa1 20. Qxa1 Ra8
21. Qb2 Nbd7 22. Bd3 Nc5 23. Bc2 Bb7 24. Qb1 Nfd7 25. b4 Ne6 26. Bd3 Bc6 27. c4 Qb6 28. Qb3 g6 29. Ne2 Qb7 30. Nc3 bxc4
31. Bxc4 d5 32. exd5 Nb6 33. dxc6 Qxc6 34. Nxe5 Qd6 35. Nf3 Nxc4 36. Qxc4 Qxb4 37. Qxb4 Bxb4 38. Rb1 Bc5 39. Ne4 Be7 40. Rb7
1-0

[Event "Turtle Speed # 13"]
[Site "SchemingMind.com"]
[Date "2008.12.16"]
[Round "-"]
[White "Gary"]
[Black "jesusch"]
[Result "0-1"]
[WhiteCountry "ENG"]
[BlackCountry "ESP"]
[WhiteElo "1619"]
[WhiteRD "73"]
[BlackElo "1657"]
[BlackRD "94"]
[GameID "183464"]

1. e4 c5 2. Nf3 d6 3. d4 cxd4 4. Nxd4 Nf6 5. Nc3 a6 6. Be2 e5 7. Nf3 Nc6 8. O-O Be6 9. h3 d5 10. exd5 Nxd5
11. Bd2 Be7 12. Ne4 f5 13. Neg5 Bg8 14. Bc4 h6
0-1

[Event "Turtle Speed # 13"]
[Site "SchemingMind.com"]
[Date "2008.12.19"]
[Round "-"]
[White "riverriver"]
[Black "jesusch"]
[Result "0-1"]
[WhiteCountry "USA"]
[BlackCountry "ESP"]
[WhiteElo "1830"]
[WhiteRD "68"]
[BlackElo "1845"]
[BlackRD "87"]
[GameID "183465"]

1. d4 d5 2. c4 e6 3. Nc3 Nf6 4. cxd5 exd5 5. Bg5 Be7 6. e3 c6 7. Qc2 O-O 8. Bd3 h6 9. Bh4 Nbd7 10. Nf3 Nb6
11. Bxf6 Bxf6 12. O-O Bg4 13. Ne5 Bxe5 14. dxe5 Qe7 15. f4 Rad8 16. a4 f6 17. a5 Nd7 18. a6 b6 19. h3 Bh5 20. Bh7+ Kh8
21. g4 Bf7 22. Bf5 fxe5 23. Qf2 Nc5 24. b4 Nb3 25. Rad1 Qxb4 26. Na2 Qe7 27. Rd3 Nc5 28. Rd2 e4 29. g5 Be8 30. gxh6 Rxf5
31. hxg7+ Qxg7+ 32. Kh2 Qh6 33. Rg1 Bd7 34. Rg6 Qxg6 35. Nb4 Rh5 36. Qg3 Rxh3+
0-1

[Event "Turtle Speed # 13"]
[Site "SchemingMind.com"]
[Date "2008.12.14"]
[Round "-"]
[White "jhw"]
[Black "Gary"]
[Result "1-0"]
[WhiteCountry "RSA"]
[BlackCountry "ENG"]
[WhiteElo "1634"]
[WhiteRD "91"]
[BlackElo "1591"]
[BlackRD "63"]
[GameID "183494"]

1. Nf3 f5 2. d4 Nf6 3. g3 e6 4. Bg2 Be7 5. O-O O-O 6. c4 d5 7. b3 c6 8. Ba3 Nbd7 9. Bxe7 Qxe7 10. Nbd2 Re8
11. Re1 h6 12. h4 Ng4 13. e3 g5 14. Bh3 gxh4 15. Bxg4 fxg4 16. Nxh4 e5 17. f4 gxf3 18. Nhxf3 e4 19. Nh4 Kh7 20. Qh5 Rg8
21. Qf5+ Kg7 22. Qg6+ Kf8 23. Qxh6+ Qg7 24. Rf1+ Ke8 25. Qxg7 Rxg7 26. Kg2 Nf8 27. Nf5 Bxf5 28. Rxf5 Ne6 29. cxd5 cxd5 30. Rxd5 Rc8
31. Nxe4 Rc2+ 32. Kf3 Rf7+ 33. Kg4 Rg7+ 34. Kf5 Ke7 35. Re5
1-0

[Event "Turtle Speed # 13"]
[Site "SchemingMind.com"]
[Date "2008.12.18"]
[Round "-"]
[White "jhw"]
[Black "riverriver"]
[Result "0-1"]
[WhiteCountry "RSA"]
[BlackCountry "USA"]
[WhiteElo "1641"]
[WhiteRD "96"]
[BlackElo "1980"]
[BlackRD "77"]
[GameID "183495"]

1. e4 e5 2. Nf3 Nc6 3. Bb5 a6 4. Ba4 Nf6 5. O-O Be7 6. Re1 b5 7. Bb3 O-O 8. a4 Na5 9. Nxe5 Nxb3 10. cxb3 Bb7
11. d3 d5 12. Nc3 dxe4 13. Nxe4 Nxe4 14. dxe4 Bb4 15. Re2 Bd6 16. Bf4 Qf6 17. Nd7 Qxf4 18. Nxf8 Qxh2+ 19. Kf1 Qh1#
0-1

[Event "Turtle Speed # 13"]
[Site "SchemingMind.com"]
[Date "2008.12.16"]
[Round "-"]
[White "jhw"]
[Black "jesusch"]
[Result "0-1"]
[WhiteCountry "RSA"]
[BlackCountry "ESP"]
[WhiteElo "1614"]
[WhiteRD "97"]
[BlackElo "1749"]
[BlackRD "90"]
[GameID "183497"]

1. d4 d5 2. c4 e6 3. Nc3 Nf6 4. cxd5 exd5 5. Bg5 Be7 6. e3 O-O 7. Bd3 h6 8. Bh4 Na6 9. Bxa6 bxa6 10. Nf3 Bg4
11. h3 Bxf3 12. Qxf3 c6 13. O-O Rb8 14. Rab1 Re8 15. Rfe1 Bb4 16. Bxf6 Qxf6 17. Qxf6 gxf6 18. a3 Ba5 19. b4 Bc7 20. e4 dxe4
21. Nxe4 Kg7 22. Nc5 Rxe1+ 23. Rxe1 a5 24. Na6 Rc8 25. Nxc7 Rxc7 26. bxa5 Rd7 27. Rc1 Rxd4 28. Rxc6 Rd7 29. g4 Rd5 30. Ra6 Rd7
31. f4 f5 32. gxf5 Rc7 33. f6+ Kg6 34. Kg2 Kf5 35. Kf3 Rd7 36. Ke3 Rc7
0-1

[Event "Turtle Speed # 13"]
[Site "SchemingMind.com"]
[Date "2008.12.15"]
[Round "-"]
[White "jhw"]
[Black "dansch"]
[Result "1-0"]
[WhiteCountry "RSA"]
[BlackCountry "GER"]
[WhiteElo "1634"]
[WhiteRD "91"]
[BlackElo "1561"]
[BlackRD "89"]
[GameID "183498"]

1. c4 e5 2. Nc3 c5 3. g3 g6 4. Bg2 Bg7 5. Nf3 Nc6 6. d3 Nge7 7. O-O O-O 8. a3 d5 9. Qb3 Nd4 10. Nxd4 exd4
11. Nxd5
1-0

[Event "Turtle Speed # 13"]
[Site "SchemingMind.com"]
[Date "2008.12.14"]
[Round "-"]
[White "Gary"]
[Black "jhw"]
[Result "1-0"]
[WhiteCountry "ENG"]
[BlackCountry "RSA"]
[WhiteElo "1619"]
[WhiteRD "73"]
[BlackElo "1510"]
[BlackRD "107"]
[GameID "183500"]

1. e4 c5 2. Nf3 Nc6 3. d4 cxd4 4. Nxd4 Nf6 5. Nc3 d6 6. Bb5 Bd7 7. O-O g6 8. f4 Bg7 9. Re1 a6 10. Be2 Qb6
11. Be3 Qxb2 12. Qd2 Qa3 13. Rab1 O-O-O 14. Rb3 Qa5 15. Reb1 Qc7 16. Rxb7 Qxb7 17. Rxb7 Kxb7 18. Na4 Nxe4 19. Qd3 Nc5 20. Nxc5+ dxc5
21. Qxa6+
1-0

[Event "Turtle Speed # 13"]
[Site "SchemingMind.com"]
[Date "2008.12.18"]
[Round "-"]
[White "riverriver"]
[Black "jhw"]
[Result "1-0"]
[WhiteCountry "USA"]
[BlackCountry "RSA"]
[WhiteElo "1964"]
[WhiteRD "78"]
[BlackElo "1614"]
[BlackRD "97"]
[GameID "183501"]

1. d4 Nf6 2. c4 e6 3. Nc3 Bb4 4. e3 O-O 5. Ne2 d5 6. cxd5 exd5 7. Bd2 Re8 8. a3 Bd6 9. Nb5 Nc6 10. Nxd6 Qxd6
11. f3 Bf5 12. Qb3 a5 13. g4 Bg6 14. Bg2 a4 15. Qb5 b6 16. O-O Re7 17. Rac1 Na5 18. g5 c6 19. Qxa4
1-0

[Event "Turtle Speed # 13"]
[Site "SchemingMind.com"]
[Date "2008.12.16"]
[Round "-"]
[White "jesusch"]
[Black "jhw"]
[Result "1-0"]
[WhiteCountry "ESP"]
[BlackCountry "RSA"]
[WhiteElo "1677"]
[WhiteRD "92"]
[BlackElo "1634"]
[BlackRD "91"]
[GameID "183503"]

1. e4 c5 2. Nf3 d6 3. d4 cxd4 4. Nxd4 Nf6 5. Nc3 a6 6. Be2 e5 7. Nb3 Be7 8. Qd3 O-O 9. Qg3 Kh8 10. O-O Be6
11. Be3 Nc6 12. f4 b5 13. a3 Bxb3 14. cxb3 d5 15. fxe5 d4 16. Rad1 Qb6 17. exf6 Bxf6 18. Bf2 Qb7 19. Nd5
1-0

[Event "Turtle Speed # 13"]
[Site "SchemingMind.com"]
[Date "2008.12.15"]
[Round "-"]
[White "dansch"]
[Black "jhw"]
[Result "0-1"]
[WhiteCountry "GER"]
[BlackCountry "RSA"]
[WhiteElo "1561"]
[WhiteRD "89"]
[BlackElo "1634"]
[BlackRD "91"]
[GameID "183504"]

1. e4 c5 2. Nf3 Nc6 3. c3 Nf6 4. Bc4 e6 5. d4 d5 6. exd5 exd5 7. Bb5 Qb6 8. a4 Be7 9. O-O O-O 10. Re1 Re8
0-1

[Event "Turtle Speed # 13"]
[Site "SchemingMind.com"]
[Date "2008.12.18"]
[Round "-"]
[White "smothered mate"]
[Black "riverriver"]
[Result "1-0"]
[WhiteCountry "POL"]
[BlackCountry "USA"]
[WhiteElo "1888"]
[WhiteRD "58"]
[BlackElo "1881"]
[BlackRD "72"]
[GameID "183525"]

1. e4 e5 2. Nf3 Nc6 3. Bb5 a6 4. Bxc6 dxc6 5. O-O Qd6 6. h3 Bd7 7. d4 exd4 8. Qxd4 Qxd4 9. Nxd4 O-O-O 10. Nf3 f6
11. Be3 h5 12. Nbd2 g5 13. Rfd1 Re8 14. Bd4 Rh7 15. Re1 c5 16. Bc3 g4 17. hxg4 hxg4 18. Nh2 Bd6 19. Nhf1 Bf4 20. g3 Bd6
21. Ne3 b5 22. b3 Kb8 23. Rad1 Be6 24. Ndf1 Be7 25. Nd5 c6 26. Nf4 Bf7 27. Rd7 b4 28. Bb2 Kc8 29. Red1 Rd8 30. Rxd8+ Bxd8
31. Ne3 Kb7 32. Rxd8 Kb6 33. Rd7 Kb5 34. Nc4 a5 35. Ra7 Nh6 36. Rxa5#
1-0

[Event "Turtle Speed # 13"]
[Site "SchemingMind.com"]
[Date "2008.12.15"]
[Round "-"]
[White "smothered mate"]
[Black "Rotceh"]
[Result "1-0"]
[WhiteCountry "POL"]
[BlackCountry "MEX"]
[WhiteElo "1878"]
[WhiteRD "51"]
[BlackElo "1412"]
[BlackRD "62"]
[GameID "183526"]

1. e4 e5 2. Nf3 Nf6 3. Nxe5 d6 4. Nf3 Nxe4 5. d4 d5 6. Bd3 Bd6 7. O-O O-O 8. c4 c6 9. cxd5 cxd5 10. Nc3 Re8
11. Qc2
1-0

[Event "Turtle Speed # 13"]
[Site "SchemingMind.com"]
[Date "2008.12.16"]
[Round "-"]
[White "smothered mate"]
[Black "jesusch"]
[Result "1-0"]
[WhiteCountry "POL"]
[BlackCountry "ESP"]
[WhiteElo "1878"]
[WhiteRD "51"]
[BlackElo "1677"]
[BlackRD "92"]
[GameID "183527"]

1. e4 c5 2. c3 d5 3. exd5 Qxd5 4. d4 Nc6 5. Nf3 Bg4 6. Be3 Bxf3 7. gxf3 O-O-O 8. c4 Qf5 9. h4 cxd4 10. Bh3 Qxh3
11. Rxh3 dxe3 12. Qe2 exf2+ 13. Kxf2 e5 14. Nc3 Bc5+ 15. Kg2 Nf6 16. Rc1 Rd7 17. Nd5 Nd4 18. Qxe5 Re8 19. Qg5 Nxd5 20. cxd5 b6
21. b4 Re2+ 22. Kf1
1-0

[Event "Turtle Speed # 13"]
[Site "SchemingMind.com"]
[Date "2008.12.15"]
[Round "-"]
[White "smothered mate"]
[Black "jhw"]
[Result "1-0"]
[WhiteCountry "POL"]
[BlackCountry "RSA"]
[WhiteElo "1882"]
[WhiteRD "54"]
[BlackElo "1510"]
[BlackRD "107"]
[GameID "183528"]

1. e4 d6 2. d4 Nf6 3. Bd3 e5 4. c3 d5 5. dxe5 dxe4 6. Bb5+ c6 7. Qxd8+ Kxd8 8. exf6 cxb5 9. Bg5 g6 10. Nd2 Bf5
11. a4 h6 12. Be3 Nd7 13. axb5 Nxf6 14. Rxa7 Rxa7 15. Bxa7 Bd6 16. Ne2 Nd5 17. Nd4 b6 18. Nxf5 gxf5 19. c4 e3 20. fxe3 Nxe3
21. Bxb6+ Kd7 22. Bxe3 f4 23. Bd4
1-0

[Event "Turtle Speed # 13"]
[Site "SchemingMind.com"]
[Date "2008.12.14"]
[Round "-"]
[White "Gary"]
[Black "smothered mate"]
[Result "0-1"]
[WhiteCountry "ENG"]
[BlackCountry "POL"]
[WhiteElo "1591"]
[WhiteRD "63"]
[BlackElo "1878"]
[BlackRD "51"]
[GameID "183531"]

1. e4 e5 2. Nf3 Nc6 3. Bb5 a6 4. Ba4 Nf6 5. O-O b5 6. Bb3 Be7 7. Re1 O-O 8. c3 d6 9. h3 Na5 10. Bc2 c5
11. d4 Qc7 12. Be3 cxd4 13. cxd4 Nc4 14. b3 Nxe3 15. Rxe3 Bb7 16. Nbd2 Rac8 17. Bd3 Rfd8 18. Nf1 d5 19. Nxe5 dxe4 20. Be2 Nd5
21. Rg3 Nc3 22. Qd2 Rxd4
0-1

[Event "Turtle Speed # 13"]
[Site "SchemingMind.com"]
[Date "2008.12.18"]
[Round "-"]
[White "riverriver"]
[Black "smothered mate"]
[Result "0-1"]
[WhiteCountry "USA"]
[BlackCountry "POL"]
[WhiteElo "1700"]
[WhiteRD "63"]
[BlackElo "1904"]
[BlackRD "58"]
[GameID "183532"]

1. d4 d5 2. c4 e6 3. Nc3 c5 4. cxd5 exd5 5. Nf3 Nc6 6. Bg5 Be7 7. Bxe7 Ngxe7 8. e3 c4 9. Be2 O-O 10. b3 b5
11. Nxb5 Qa5+ 12. Nd2 Qxb5 13. bxc4 dxc4 14. Bxc4 Qg5 15. O-O Rd8 16. g3 Bg4 17. Qc2 Rac8 18. Qe4 Bf5 19. h4 Bxe4 20. hxg5 Bd5
21. Rfc1 Rd6 22. Bxd5 Rxd5 23. Ne4 Re8 24. Rab1 Ra5 25. Nd6 Rf8 26. f4 Rxa2 27. d5 Nxd5 28. Rxc6 Nxe3 29. Ne4 g6 30. Nf6+ Kg7
31. Rc3 Nf5 32. Rbc1 h6 33. Rd3 hxg5 34. fxg5 Rh8 35. Rcd1 Rhh2 36. Ng4 Rhg2+ 37. Kf1 Nxg3+ 38. Rxg3 Rxg3 39. Rd4 Rb3 40. Rd1 Rf3+
41. Kg1 Rg3+ 42. Kf1 Rxg4 43. Rd5 Rb4 44. Rd1 Rf4+
0-1

[Event "Turtle Speed # 13"]
[Site "SchemingMind.com"]
[Date "2008.12.15"]
[Round "-"]
[White "Rotceh"]
[Black "smothered mate"]
[Result "0-1"]
[WhiteCountry "MEX"]
[BlackCountry "POL"]
[WhiteElo "1412"]
[WhiteRD "62"]
[BlackElo "1878"]
[BlackRD "51"]
[GameID "183533"]

1. Nc3 d5 2. e4 d4 3. Nce2 c5 4. Nf3 Nc6 5. Ng3 Bg4 6. h3 Bxf3 7. Qxf3 Nf6 8. Bc4 e6 9. d3 Bd6 10. Bf4 O-O
0-1

[Event "Turtle Speed # 13"]
[Site "SchemingMind.com"]
[Date "2008.12.16"]
[Round "-"]
[White "jesusch"]
[Black "smothered mate"]
[Result "0-1"]
[WhiteCountry "ESP"]
[BlackCountry "POL"]
[WhiteElo "1682"]
[WhiteRD "92"]
[BlackElo "1921"]
[BlackRD "50"]
[GameID "183534"]

1. e4 e5 2. Nf3 Nc6 3. Bb5 a6 4. Ba4 Nf6 5. O-O b5 6. Bb3 Be7 7. Re1 d6 8. h3 Bb7 9. c3 O-O 10. d4 Na5
11. Bc2 c5 12. d5 Bc8 13. Nbd2 Qc7 14. Nf1 Rb8 15. Ne3 c4 16. Nf5 Bxf5 17. exf5 Nb7 18. a4 Nc5 19. axb5 Rxb5 20. Nd4 exd4
21. cxd4 Nb3 22. Rxa6 Nxd5 23. Ra3 Nxc1 24. Qxc1 Nb4 25. Bb1 d5 26. Rae3 Bf6 27. Qd2 Nc6 28. Re8 Nxd4 29. Qe3 Rb8 30. Rxf8+ Rxf8
31. g4 h6 32. h4 Qa5 33. g5 hxg5 34. Rd1 gxh4 35. Rxd4 Bxd4
0-1

[Event "Turtle Speed # 13"]
[Site "SchemingMind.com"]
[Date "2008.12.15"]
[Round "-"]
[White "jhw"]
[Black "smothered mate"]
[Result "1-0"]
[WhiteCountry "RSA"]
[BlackCountry "POL"]
[WhiteElo "1670"]
[WhiteRD "95"]
[BlackElo "1921"]
[BlackRD "50"]
[GameID "183535"]

1. Nf3 d5 2. c4 e6 3. d4 c5 4. cxd5 exd5 5. g3 Nf6 6. Bg2 Bg4 7. Nc3 Nc6 8. O-O Be7 9. Ne5 Nxd4 10. Nxg4 Nxg4
11. e3 Nxf2 12. Rxf2 Ne6 13. Qxd5 Qxd5 14. Bxd5 O-O-O 15. Rxf7 Nc7 16. Rxe7 Nxd5 17. Nxd5 Rxd5 18. Rxg7 h5 19. e4 Rd1+ 20. Kg2 h4
21. Rc7+ Kd8 22. Bg5+ Kxc7 23. Rxd1 h3+ 24. Kf2 Rg8 25. Bf4+ Kc6 26. Rd6+ Kb5 27. Rd7 b6 28. Rxa7 Re8 29. Kf3 Rd8 30. Rh7 Rd3+
31. Ke2 Rd8 32. Rxh3 Ka4 33. Bc7 Rd4 34. Bxb6 Rxe4+ 35. Kf3 Re5 36. Rh4+ Kb5 37. Re4 Rd5 38. Bc7 Rd2 39. Re2 Rd7 40. Bf4 c4
41. h4 Ka4 42. h5 c3 43. bxc3 Ka3 44. h6 Ka4 45. Rh2 Rh7 46. g4 Kb5 47. g5 Rd7 48. h7 Rd3+ 49. Ke4 Rxc3 50. h8=Q
1-0